| 000 | 00663nam a22001697a 4500 | ||
|---|---|---|---|
| 999 |
_c10018 _d10018 |
||
| 008 | 180725b ||||| |||| 00| 0 eng d | ||
| 082 |
_22017 _aUT 0952 _bC11 |
||
| 100 |
_929603 _aCañabano, Ciza Jean L. |
||
| 245 |
_aUnlocking crossword-puzzle : _bproblem in improving vocabulary skills of pupils / _cCiza Jean L. Cañabano, Jevyn D. Martinez, Maylanie K. Balindan |
||
| 260 |
_aDigos City : _bUMDC _cNovember 2017 |
||
| 300 |
_a83 pages ; _b29 cm. |
||
| 650 | 0 |
_929604 _aEducation _vElementary _xUndergraduate thesis. |
|
| 700 |
_929605 _aCañabano, Ciza Jean L. |
||
| 700 |
_929606 _aMartinez, Jevyn D. |
||
| 700 |
_929607 _aBalindan, Maylanie K. |
||
| 942 |
_2ddc _cUT |
||